| 000 | 00613cam a22001571 4500 | ||
|---|---|---|---|
| 082 |
_a625.7342 _bCAP _cD |
||
| 100 | 1 |
_aHerr, Lester Abram. _943687 |
|
| 245 | 1 | 0 |
_aCapacity charts for the hydraulic design of highway culverts _c[by Lester A. Herr in collaboration with Herbert G. Bossy] |
| 260 |
_aWashington, D.C. : _bU.S. Dept. of Commerce, Bureau of Public Roads, _c1965. |
||
| 300 |
_a90 p. : _billus. ; _c27 cm. |
||
| 526 |
_a0 _b0 _c0 _d625_734200000000000_CAP |
||
| 650 | 0 |
_aCulverts _xDesign and construction. _943688 |
|
| 650 | 0 |
_aHydraulic engineering _xTables. _943689 |
|
| 650 | 0 |
_aMCE _9379 |
|
| 942 |
_2ddc _cBK |
||
| 999 |
_c547495 _d547495 |
||